<?xml version="1.0" encoding="UTF-8"?><?xml-stylesheet type="text/xsl" href="static/style.xsl"?><OAI-PMH xmlns="http://www.openarchives.org/OAI/2.0/" xmlns:xsi="http://www.w3.org/2001/XMLSchema-instance" xsi:schemaLocation="http://www.openarchives.org/OAI/2.0/ http://www.openarchives.org/OAI/2.0/OAI-PMH.xsd"><responseDate>2026-04-17T20:12:01Z</responseDate><request verb="GetRecord" identifier="oai:www.recercat.cat:10230/45034" metadataPrefix="marc">https://recercat.cat/oai/request</request><GetRecord><record><header><identifier>oai:recercat.cat:10230/45034</identifier><datestamp>2025-12-24T08:58:12Z</datestamp><setSpec>com_2072_6</setSpec><setSpec>col_2072_452952</setSpec></header><metadata><record xmlns="http://www.loc.gov/MARC21/slim" xmlns:dcterms="http://purl.org/dc/terms/" xmlns:xsi="http://www.w3.org/2001/XMLSchema-instance" xmlns:doc="http://www.lyncode.com/xoai" xsi:schemaLocation="http://www.loc.gov/MARC21/slim http://www.loc.gov/standards/marcxml/schema/MARC21slim.xsd">
   <leader>00925njm 22002777a 4500</leader>
   <datafield ind2=" " ind1=" " tag="042">
      <subfield code="a">dc</subfield>
   </datafield>
   <datafield ind2=" " ind1=" " tag="720">
      <subfield code="a">Jiménez-Martín, Sergi</subfield>
      <subfield code="e">author</subfield>
   </datafield>
   <datafield ind2=" " ind1=" " tag="720">
      <subfield code="a">Vilaplana Prieto, Cristina</subfield>
      <subfield code="e">author</subfield>
   </datafield>
   <datafield ind2=" " ind1=" " tag="720">
      <subfield code="a">Vilaplana Prieto, Cristina</subfield>
      <subfield code="e">author</subfield>
   </datafield>
   <datafield ind2=" " ind1=" " tag="260">
      <subfield code="c">2020-06-26T08:42:46Z</subfield>
   </datafield>
   <datafield ind2=" " ind1=" " tag="260">
      <subfield code="c">2020-06-26T08:42:46Z</subfield>
   </datafield>
   <datafield ind2=" " ind1=" " tag="260">
      <subfield code="c">2012</subfield>
   </datafield>
   <datafield ind2=" " ind1=" " tag="520">
      <subfield code="a">La Ley 39/2006, de 14 de diciembre, de Promoción de la Autonomía Personal y Atención a las Personas en situación de Dependencia, regula las condiciones básicas para la promoción de la autonomía personal y el cuidado de las personas en situación de dependencia mediante la creación del Sistema de Autonomía y Atención a la Dependencia (SAAD), y constituye una oportunidad excelente para avanzar en la construcción del espacio sociosanitario. El objetivo de la integración sociosanitaria es pasar de un marco fragmentado, en donde el individuo recibe y solicita las prestaciones a servicios sociales y sanitarias por separado, a un nuevo modelo de responsabilidad compartida. Desde los años 1980 se han desarrollado diversos proyectos de ámbito nacional o regional de cooperación sociosanitaria. Sin embargo, aunque se han realizado importantes esfuerzos en este sentido, y hay diversas experiencias de integración de servicios sanitarios en varias comunidades autónomas, sigue predominando la coordinación asistencial en el ámbito sanitario por encima de la integración.</subfield>
   </datafield>
   <datafield ind2=" " ind1=" " tag="520">
      <subfield code="a">Act 39/2006, of 14th December, for the Promotion of Personal Autonomy and the Care of Dependent Individuals establishes the basic conditions for the promotion of personal autonomy and the care of the dependent through the creation of the System of Autonomy and Care of Dependent Individuals and constitutes an excellent opportunity to make progress in the development of a health care space.&#xd;
&#xd;
The aim of healthcare integration is to move from a fragmented framework, in which individuals apply for and receive health benefits and care benefits separately, to a new model of shared responsibility. Since the 1980s, several national and regional projects of healthcare cooperation have been developed. However, although substantial efforts have been made in some autonomous regions of Spain, healthcare coordination seems to predominate over integration in the health setting.</subfield>
   </datafield>
   <datafield ind2=" " ind1=" " tag="520">
      <subfield code="a">Proyecto ECO2008-06395-C05-01.</subfield>
   </datafield>
   <datafield tag="653" ind2=" " ind1=" ">
      <subfield code="a">Dependencia</subfield>
   </datafield>
   <datafield tag="653" ind2=" " ind1=" ">
      <subfield code="a">Integración</subfield>
   </datafield>
   <datafield tag="653" ind2=" " ind1=" ">
      <subfield code="a">Social</subfield>
   </datafield>
   <datafield tag="653" ind2=" " ind1=" ">
      <subfield code="a">Sanitario</subfield>
   </datafield>
   <datafield tag="653" ind2=" " ind1=" ">
      <subfield code="a">Dependency</subfield>
   </datafield>
   <datafield tag="653" ind2=" " ind1=" ">
      <subfield code="a">Integration</subfield>
   </datafield>
   <datafield tag="653" ind2=" " ind1=" ">
      <subfield code="a">Care</subfield>
   </datafield>
   <datafield tag="653" ind2=" " ind1=" ">
      <subfield code="a">Health</subfield>
   </datafield>
   <datafield ind2="0" ind1="0" tag="245">
      <subfield code="a">La interacción del sistema social y el sanitario. Informe SESPAS 2012</subfield>
   </datafield>
   <datafield ind2="0" ind1="0" tag="245">
      <subfield code="a">Interaction between the social and the health systems. SESPAS Report 2012</subfield>
   </datafield>
</record></metadata></record></GetRecord></OAI-PMH>